000 00325nam a2200157Ia 4500
100 _aSHIV KHERA
650 _aGeneral
942 _cBK
366 _f25
245 _aFreedom is not free (marathi)
260 _bMacmillan
_c2007
082 _a808.83
_bSHI
300 _a215
546 _aMARATHI
_cproduction
999 _c32482
_d32482